Serbia Country Quiz - Statistics

General Stats
  • This quiz has been taken 10 times
  • The average score is 13 of 19
Answer Stats
Hint Answer % Correct
Borders Romania
100%
Capital Belgrade
90%
Borders Bosnia and Herzegovina
90%
Borders Bulgaria
90%
Borders Croatia
90%
Borders Montenegro
90%
Borders North Macedonia
90%
Main Language Serbian
90%
Former Part of Yugoslavia
90%
Independent Since 2006
80%
Borders Hungary
80%
Main Ally Russia
80%
Main Religion Christianity
70%
Currency Serbian Dinar
60%
Current Leader Aleksandar Vučić
40%
Number of Administrative Districts 29
20%
Global Firepower Rating (out of 145) 63
10%
Form of Government Authoritarian State
0%
Main Export Wire
0%
No matching quizzes found
Score Distribution
Percent of People with Each Score
Percentile by Number Answered
Your Score History
You have not taken this quiz